The resurgence of class conflict in Western Europe since

Na minha lista:
Detalhes bibliográficos
Autor principal: Crouch, Colin
Formato: Livro
Idioma:Undetermined
Publicado em: London The Macmillan Press 1978
Assuntos:
Tags: Adicionar Tag
Sem tags, seja o primeiro a adicionar uma tag!
Thư viện lưu trữ: Trung tâm Học liệu Trường Đại học Cần Thơ
LEADER 00514nam a2200181Ia 4500
001 CTU_78927
008 210402s9999 xx 000 0 und d
082 |a 301.6 
082 |b C952 
100 |a Crouch, Colin 
245 4 |a The resurgence of class conflict in Western Europe since 
245 0 |c Colin Crouch, Alessandro Pizzorno 
260 |a London 
260 |b The Macmillan Press 
260 |c 1978 
650 |a Social classes 
650 |z Europe 
980 |a Trung tâm Học liệu Trường Đại học Cần Thơ